01007nam a2200265 i 4500001000300000245010400003260007200107300002100179504001400200650002300214655003000237020001500267040000800282041000700290080001800297920001800315942000700333008004100340999001700381856009800398952006200496952006100558952006100619952006100680bg10aUsługi i procedury bankowe /c[aut. Krzysztof Antoniewicz et al.] ; pod red. Ewy Bogackiej-Kisiel. aWrocław :bWydaw. Akademii Ekonomicznej im. Oskara Langego,c2000. a636 s. ;c24 cm. aBibliogr. 9aBankixorganizacja aPodręczniki akademickie a8370114326 cBPK0 apl a336.71(075.8) a83-7011-432-6 cKS s pl f |000 0 pol  c40826d40826 uhttp://koha.tu.koszalin.pl/cgi-bin/koha/opac-detail.pl?biblionumber=40826yKatalog online BPK 00104071aBPKbBPKceho62679p01678628t336.71 B.ByKS 00104070aBPKbBPKcwo62680p01678611s2023-12-28yKS 00104070aBPKbBPKcwo62681p01678604s2015-12-11yKS 00104070aBPKbBPKcwo62682p01678598s2015-06-25yKS